000 00372 a2200169 4500
001 182788
020 _a85-01-03042-2
040 _cMagnum
100 _aSheldon, Sidney
240 1 0 _aUm capricho dos deuses
_lpor
245 1 0 _aUm capricho dos deuses
300 _a425
362 0 _a1999
440 1 _aRecord
697 _aLITERATURA GERAL ESTRANGEIRA
942 _cBK
999 _c182788
_d182788